000 00430nam a2200145Ia 4500
008 100122s9999 xx 000 0 und d
082 _b48018
_a824
100 _aकोटक वजु
245 _aप्रभातपुष्प
260 _bप्रवीण प्रकाशन
_c1992
300 _a271
630 _aप्रभातपुष्प
730 _aप्रभातपुष्प
942 _cBOOK
999 _c426740
_d426737